Statistiken für Bilder nach Buchstabe - Z

Klicken Sie hier um das Quiz zu spielen!

Allgemein

  • Dieses Quiz wurde 958 mal gespielt
  • Das Durchschnittsergebnis liegt bei 9 aus 15

Antwortstatistiken

Answer % Korrekt
Zebra
100%
Zeus
95%
Zeppelin
95%
Zuckerberg
92%
Zypern
90%
Zwerg
87%
Zen
79%
Zwölf
52%
Zink
51%
Złoty
45%
Zürich
43%
Zither
41%
Zelda
29%
Zaire
27%
Zikkurat
9%

Verteilung der Resultate

Perzentil nach korrekt beantworteten Fragen

Anzahl Personen mit jedem Resultat

Ihre Resultats-Entwicklung

Sie haben dieses Quiz noch nicht gespielt